Introduction to computer-based imaging systems / (Record no. 719)

MARC details
000 -LEADER
fixed length control field 00810nac a22002171u 4500
010 ## - LIBRARY OF CONGRESS CONTROL NUMBER
LC control number 96038285
020 ## - INTERNATIONAL STANDARD BOOK NUMBER
International Standard Book Number 0819421057 (softcover)
020 ## - INTERNATIONAL STANDARD BOOK NUMBER
International Standard Book Number 8120323327
082 00 - DEWEY DECIMAL CLASSIFICATION NUMBER
Classification number 006.6
Item number S61781
090 ## - LOCALLY ASSIGNED LC-TYPE CALL NUMBER (OCLC); LOCAL CALL NUMBER (OCLC)
-- 719
-- 719
100 ## - MAIN ENTRY--PERSONAL NAME
Personal name Sinha, Divyendu.
245 10 - TITLE STATEMENT
Title Introduction to computer-based imaging systems /
Statement of responsibility, etc Divyendu Sinha, Edward R. Dougherty.
260 ## - PUBLICATION, DISTRIBUTION, ETC. (IMPRINT)
Place of publication, distribution, etc New Delhi :
Name of publisher, distributor, etc Prentice Hall of India,
Date of publication, distribution, etc c1998.
300 ## - PHYSICAL DESCRIPTION
Extent xv, 313 p. ;
Dimensions 26 cm.
504 ## - BIBLIOGRAPHY, ETC. NOTE
Bibliography, etc Includes bibliographical references and index.
650 #0 - SUBJECT ADDED ENTRY--TOPICAL TERM
Topical term or geographic name as entry element Image processing
General subdivision Digital techniques.
650 #0 - SUBJECT ADDED ENTRY--TOPICAL TERM
Topical term or geographic name as entry element Computer architecture.
700 1# - ADDED ENTRY--PERSONAL NAME
Personal name Dougherty, Edward R.
942 ## - ADDED ENTRY ELEMENTS (KOHA)
Item type Book - Borrowing
Call number prefix 006.6S61781
Holdings
Withdrawn status Item status Source of classification or shelving scheme Damaged status Not for loan Vendor Home library Current library Shelving location Date acquired Source of acquisition Cost, normal purchase price Total Checkouts Total Renewals Full call number Barcode Date last seen Date last borrowed Cost, replacement price Koha item type
    Dewey Decimal Classification       Central Library Central Library Lower Floor 25/07/2006   94.00 2 2 006.6 SIN 000003881 15/07/2025 24/10/2012 117.50 Book - Borrowing